[Event "DSM WK M 2009"]
[Site "Karlsruhe GER"]
[Date "2009.05.18"]
[Round "7"]
[White "v. Chamier, Jessica"]
[Black "Gold, Lisa"]
[Result "1-0"]
[Termination "normal"]
[Board "9.4"]
[WhiteElo "800"]
[BlackElo "800"]
[WhiteTeam "Katholische Schule St. Marien Berlin"]
[BlackTeam "Albert-Einstein-Gymnasium Neubrandenburg"]
[PlyCount "111"]
[EventCountry "GER"]
[EventRounds "7"]
[EventType "team-swiss"]
[EventDate "2009.05.15"]

1. e4 e5 2. Bc4 Nf6 3. Nc3 Bc5 4. Nf3 d6 5. d3 Bg4 6. h3 Bh5 7. g4 Bg6 8. Bg5
O-O 9. h4 h6 10. Bd2 Nc6 11. h5 d5 12. hxg6 dxc4 13. dxc4 fxg6 14. g5 hxg5 15.
Nxg5 Ng4 16. Ne6 Nxf2 17. Ke2 Nxd1 18. Nxd8 Rfxd8 19. Raxd1 Nd4+ 20. Kf2 Rf8+
21. Kg3 Rf3+ 22. Kg4 Raf8 23. Nd5 R8f7 24. Rh2 c6 25. Rdh1 R7f4+ 26. Nxf4 Rxf4+
27. Bxf4 exf4 28. Kxf4 Bd6+ 29. e5 Bc7 30. c3 Ne6+ 31. Kg4 Bxe5 32. Re2 Nf4 33.
Rxe5 Nd3 34. Re8+ Kf7 35. Re3 Nf2+ 36. Kh4 Nxh1 37. b4 Kf6 38. Rf3+ Ke5 39. b5
Ke4 40. Rf1 Kd3 41. bxc6 bxc6 42. Rf7 Kxc4 43. Rxa7 Kxc3 44. a4 Nf2 45. a5 Ne4
46. Kg4 g5 47. Rc7 Kb4 48. a6 Kb5 49. a7 Kb6 50. Rxg7 c5 51. a8=Q c4 52. Qxe4
c3 53. Rxg5 Ka6 54. Qe6+ Kb7 55. Rg7+ Kb8 56. Qe8# 1-0